[Event "2015 County Championship Final - U160"]
[Site "Leamington Spa"]
[Date "2015.07.04"]
[Round "1.5"]
[White "Taylor, Phil M"]
[Black "Figueroa, Edison"]
[Result "0-1"]
[WhiteElo "152"]
[BlackElo "151"]
[PlyCount "64"]
[EventDate "2015.??.??"]
[WhiteTeam "Lancashire"]
[BlackTeam "Essex"]

1. e4 c5 2. Nf3 e6 3. d3 Nc6 4. g3 d5 5. Nbd2 g6 6. Bg2 Bg7 7. O-O Nge7 8. Qe2
O-O 9. Re1 a5 10. c3 a4 11. e5 b5 12. Nf1 Nf5 13. Bg5 Qa5 14. g4 Nfe7 15. Qd2
c4 16. d4 b4 17. Rab1 Rb8 18. Bh6 Bd7 19. Bxg7 Kxg7 20. Qg5 Ng8 21. Ng3 h6 22.
Qd2 a3 23. Ne2 b3 24. Ra1 Rb7 25. axb3 Rxb3 26. Nc1 Rxb2 27. Qxb2 axb2 28. Rxa5
bxc1=Q 29. Rxc1 Nxa5 30. Ra1 Ra8 31. Nd2 Bc6 32. Nxc4 Nxc4 0-1

[Event "2015 County Championship Final - U160"]
[Site "Leamington Spa"]
[Date "2015.07.04"]
[Round "1.6"]
[White "Clow, Ken"]
[Black "Raynor, Philip N"]
[Result "1/2-1/2"]
[WhiteElo "150"]
[BlackElo "147"]
[PlyCount "115"]
[EventDate "2015.??.??"]
[WhiteTeam "Essex"]
[BlackTeam "Lancashire"]

1. e4 c5 2. Nf3 Nc6 3. d4 cxd4 4. Nxd4 e6 5. Be2 Nf6 6. Nxc6 bxc6 7. Nd2 Qc7 8.
O-O d5 9. Bf3 Bd6 10. g3 O-O 11. Re1 e5 12. Nf1 d4 13. a3 c5 14. c3 Be6 15. Bd2
Rab8 16. cxd4 cxd4 17. b4 Rfc8 18. Rc1 Qb6 19. Qa4 Bd7 20. Qb3 Bc6 21. Qb1 h6
22. h4 Qd8 23. Qd3 Qd7 24. Nh2 Bb5 25. Qb1 Rxc1 26. Qxc1 Rc8 27. Qb1 Rc7 28.
Nf1 Qc8 29. Be2 a6 30. Bd3 Bxd3 31. Qxd3 Rc2 32. f3 Nd7 33. Qb3 Nb6 34. Qb1 Qc4
35. Rc1 Rxc1 36. Qxc1 Qxc1 37. Bxc1 Kf8 38. Kf2 Ke7 39. Ke2 Kd7 40. Kd3 Kc6 41.
f4 f6 42. f5 Kb5 43. Nd2 a5 44. bxa5 Kxa5 45. g4 Ka4 46. Nb1 Kb3 47. g5 hxg5
48. hxg5 fxg5 49. Bxg5 Nc4 50. Nd2+ Nxd2 51. Bxd2 Bxa3 52. Bg5 $11 Bd6 53. Bd8
Kb4 54. Bg5 Kc5 55. Bd8 Kc6 56. Bg5 Kd7 57. Bh4 Ke8 58. Be1 1/2-1/2

[Event "2015 County Championship Final - U160"]
[Site "Leamington Spa"]
[Date "2015.07.04"]
[Round "1.7"]
[White "Seery, Phillip T"]
[Black "Kingsley, Malcolm P"]
[Result "1-0"]
[WhiteElo "155"]
[BlackElo "149"]
[PlyCount "107"]
[EventDate "2015.??.??"]
[WhiteTeam "Lancashire"]
[BlackTeam "Essex"]

1. d4 d5 2. c4 e6 3. Nc3 Nf6 4. Bg5 Nbd7 5. e3 c6 6. cxd5 exd5 7. Bd3 Be7 8.
Qc2 O-O 9. Nf3 Re8 10. O-O Nf8 11. Rab1 a5 12. a3 Ng6 13. b4 axb4 14. axb4 Ne4
15. Bxe7 Qxe7 16. b5 Ra3 17. Bxe4 dxe4 18. Nd2 Bf5 19. bxc6 bxc6 20. Ne2 Qe6
21. Ng3 Ra2 22. Rb2 Rea8 23. Rfb1 Rxb2 24. Rxb2 Ra1+ 25. Rb1 Rxb1+ 26. Qxb1 h6
27. Nxf5 Qxf5 28. Qxe4 Qa5 29. Nf1 Qc3 30. Qe8+ Nf8 31. g4 Qc1 32. Kg2 Qc4 33.
Ng3 Qd5+ 34. Qe4 Qd7 35. h4 Ng6 36. Nf5 Kf8 37. h5 Nh8 38. Qe5 Qd5+ 39. Kg3
Qxe5+ 40. dxe5 g6 41. Nd6 Ke7 42. Kf4 f6 43. Ke4 Ke6 44. Nc4 gxh5 45. gxh5 Nf7
46. exf6 Kxf6 47. f4 Ke6 48. Kd4 Kf5 49. Kc5 Kg4 50. Ne5+ Nxe5 51. fxe5 Kf5 52.
Kd6 c5 53. e6 Kf6 54. e7 1-0

[Event "2015 County Championship Final - U160"]
[Site "Leamington Spa"]
[Date "2015.07.04"]
[Round "1.8"]
[White "Barclay, Paul R"]
[Black "Whitfield, John"]
[Result "1/2-1/2"]
[WhiteElo "149"]
[BlackElo "150"]
[PlyCount "70"]
[EventDate "2015.??.??"]
[WhiteTeam "Essex"]
[BlackTeam "Lancashire"]

1. e4 d5 2. exd5 Qxd5 3. Nc3 Qa5 4. d4 Nf6 5. Bd3 Bg4 6. f3 Bh5 7. Nge2 Nc6 8.
Bd2 O-O-O 9. a3 Bg6 10. b4 Qh5 11. Nf4 Qg5 12. O-O Bxd3 13. Nxd3 Qf5 14. Ne2
Nxd4 15. Nxd4 Rxd4 16. Be3 Rd8 17. Qe2 e6 18. Bxa7 Bd6 19. Bf2 Qh5 20. g3 Nd7
21. Rfe1 Rhe8 22. c4 f6 23. c5 Be5 24. Rac1 c6 25. b5 Nb8 26. Qe4 Qf5 27. Nxe5
Qxe4 28. Rxe4 fxe5 29. Rxe5 Rd3 30. bxc6 Nxc6 31. Re3 Red8 32. Rce1 e5 33. g4
R3d5 34. Re4 Rd3 35. R4e3 R3d5 1/2-1/2

[Event "2015 County Championship Final - U160"]
[Site "Leamington Spa"]
[Date "2015.07.04"]
[Round "1.9"]
[White "Fanning, Stephen M"]
[Black "Woodward, Ian P"]
[Result "1/2-1/2"]
[WhiteElo "151"]
[BlackElo "148"]
[PlyCount "48"]
[EventDate "2015.??.??"]
[WhiteTeam "Lancashire"]
[BlackTeam "Essex"]

1. d4 d5 2. Nf3 Nf6 3. c4 dxc4 4. e3 e6 5. Bxc4 c5 6. O-O a6 7. a4 Nc6 8. dxc5
Qxd1 9. Rxd1 Bxc5 10. b3 O-O 11. Bb2 Nd7 12. Nbd2 Nb6 13. Be2 Rd8 14. Ne4 Be7
15. Rxd8+ Nxd8 16. Rd1 Bd7 17. Ne5 Be8 18. Nc4 Nxc4 19. Bxc4 Nc6 20. Bc3 Rd8
21. Rxd8 Nxd8 22. Bd4 Bc6 23. Bc5 Bxc5 24. Nxc5 Kf8 1/2-1/2

[Event "2015 County Championship Final - U160"]
[Site "Leamington Spa"]
[Date "2015.07.04"]
[Round "1.10"]
[White "Morgan, Ian P"]
[Black "Potter, Stephen P"]
[Result "0-1"]
[WhiteElo "146"]
[BlackElo "150"]
[PlyCount "120"]
[EventDate "2015.??.??"]
[WhiteTeam "Essex"]
[BlackTeam "Lancashire"]

1. d4 e6 2. Nf3 b6 3. e3 Bb7 4. Bd3 f5 5. Nbd2 Nf6 6. O-O Be7 7. Qe2 O-O 8. c4
Ne4 9. Ne1 d6 10. f3 Nxd2 11. Bxd2 Nd7 12. Nc2 e5 13. e4 f4 14. g3 Bg5 15. g4
Rf6 16. Kg2 Rh6 17. Be1 Qf6 18. Rh1 Bh4 19. Bf2 Rf8 20. Rag1 Qg5 21. Kf1 Bc8
22. Ne1 exd4 23. Ng2 Bxf2 24. Qxf2 c5 25. h4 Qe7 26. h5 Ne5 27. Ne1 Ba6 28. b3
b5 29. g5 Re6 30. Qc2 bxc4 31. bxc4 Qb7 32. Rh2 Qb4 33. a3 Qa5 34. Be2 Qxa3 35.
Kg2 Re7 36. Kh3 Rb7 37. Bd3 Rb3 38. Rd2 Qb4 39. Rgg2 Bc8+ 40. Kh2 Be6 41. g6 h6
42. Rgf2 a5 43. Qd1 a4 44. Bc2 Ra3 45. Nd3 Nxd3 46. Bxd3 Bxc4 47. Bxc4+ Qxc4
48. Rc2 Qe6 49. Kg1 Rb8 50. Qf1 Rab3 51. Kh2 Kf8 52. Qa6 Qe5 53. Qc4 Qxh5+ 54.
Kg1 Qxg6+ 55. Rg2 Qf6 56. Qd5 Rb1+ 57. Kf2 Qh4+ 58. Ke2 Qe1+ 59. Kd3 Qe3+ 60.
Kc4 R8b4# 0-1

[Event "2015 County Championship Final - U160"]
[Site "Leamington Spa"]
[Date "2015.07.04"]
[Round "1.11"]
[White "Jayawarna, Nugith"]
[Black "Groce, Ken"]
[Result "0-1"]
[WhiteElo "156"]
[BlackElo "145"]
[PlyCount "111"]
[EventDate "2015.??.??"]
[WhiteTeam "Lancashire"]
[BlackTeam "Essex"]

1. c4 Nf6 2. Nc3 g6 3. g3 Bg7 4. Bg2 O-O 5. e4 d6 6. Nge2 c5 7. d3 Nc6 8. O-O
Bg4 9. f3 Bd7 10. h3 a6 11. Be3 Rb8 12. a4 Nb4 13. Qd2 b5 14. axb5 axb5 15. f4
bxc4 16. dxc4 Qc8 17. Kh2 e6 18. Rad1 Ne8 19. e5 Rb6 20. Ne4 Ba4 21. exd6 Nxd6
22. Nxd6 Qa6 23. Bb7 Rxb7 24. Nxb7 Bxd1 25. Nxc5 Qxc4 26. Rxd1 Nd5 27. b3 Qb5
28. Qd3 Rb8 29. Bf2 Bf8 30. Na6 Qxd3 31. Rxd3 Ra8 32. Nc3 Rxa6 33. Nxd5 Ra2 34.
Nf6+ Kg7 35. Ne8+ Kg8 36. Kg1 Ra1+ 37. Kg2 Ra2 38. Kf3 Be7 39. Bd4 Kf8 40. Nf6
h5 41. Rc3 Ra8 42. Nd7+ Ke8 43. Nb6 Rd8 44. Rc8 Rxc8 45. Nxc8 Bb4 46. Nb6 Ke7
47. Ke4 f6 48. Na4 Kd7 49. Bxf6 Be1 50. g4 hxg4 51. hxg4 Bb4 52. Bc3 Ba3 53.
Nb2 Ke7 54. b4 Kd7 55. Nc4 Bc1 56. Bd2 0-1

[Event "2015 County Championship Final - U160"]
[Site "Leamington Spa"]
[Date "2015.07.04"]
[Round "1.12"]
[White "Winter, Thomas G"]
[Black "Leah, Tom"]
[Result "0-1"]
[WhiteElo "143"]
[BlackElo "148"]
[PlyCount "70"]
[EventDate "2015.??.??"]
[WhiteTeam "Essex"]
[BlackTeam "Lancashire"]

1. e4 c5 2. f4 Nc6 3. Nf3 g6 4. Bc4 Bg7 5. c3 e6 6. O-O Nge7 7. Bb3 Qb6 8. Kh1
d5 9. e5 Bd7 10. d3 d4 11. Nbd2 Nf5 12. Nc4 Qc7 13. g4 b5 14. gxf5 bxc4 15.
Bxc4 gxf5 16. cxd4 cxd4 17. Rg1 Rg8 18. Rg3 Na5 19. b3 Bc6 20. Kg1 O-O-O 21.
Kf2 Bh6 22. Qg1 Rg6 23. Rxg6 hxg6 24. Ng5 Bf8 25. Bb2 Qb7 26. Rc1 Kb8 27. Kg3
Qd7 28. Qe1 Nb7 29. Nf3 Bxf3 30. Kxf3 Qc6+ 31. Kg3 Be7 32. h4 Rh8 33. Qh1 Bxh4+
34. Qxh4 Rxh4 35. Kxh4 Qg2 0-1

[Event "2015 County Championship Final - U160"]
[Site "Leamington Spa"]
[Date "2015.07.04"]
[Round "1.13"]
[White "Farthing, Michael"]
[Black "Foley, Phil T"]
[Result "0-1"]
[WhiteElo "140"]
[BlackElo "140"]
[PlyCount "100"]
[EventDate "2015.??.??"]
[WhiteTeam "Lancashire"]
[BlackTeam "Essex"]

1. d4 Nf6 2. c4 e6 3. Nc3 Bb4 4. a3 Bxc3+ 5. bxc3 b6 6. e3 Ba6 7. Bd3 d5 8.
cxd5 Bxd3 9. Qxd3 Qxd5 10. f3 O-O 11. Ne2 Nbd7 12. e4 Qd6 13. Qe3 e5 14. O-O
Rac8 15. a4 Rfe8 16. Ba3 c5 17. d5 Nf8 18. Ng3 Ng6 19. Nf5 Qd7 20. a5 Ne7 21.
Ng3 h6 22. c4 Nh7 23. axb6 axb6 24. Bb2 f6 25. Nh5 Ng6 26. Ng3 Ne7 27. Ra6 Rb8
28. Rfa1 Rec8 29. Ra7 Rb7 30. Rxb7 Qxb7 31. d6 Nc6 32. Nf5 Nf8 33. Qd2 Qd7 34.
Ra6 Rb8 35. Bc3 Qb7 36. Ra1 Kh7 37. f4 Nd4 38. Bxd4 cxd4 39. Qd3 Ne6 40. fxe5
fxe5 41. Rf1 Nc5 42. Qh3 Rf8 43. Re1 d3 44. Qe3 Qf7 45. Qg3 d2 46. Rd1 Nxe4 47.
Qxe5 Qxf5 48. Qxf5+ Rxf5 49. d7 Rf8 50. h3 Kg6 0-1

[Event "2015 County Championship Final - U160"]
[Site "Leamington Spa"]
[Date "2015.07.04"]
[Round "1.14"]
[White "Ali, Niall"]
[Black "Ward, Stephen"]
[Result "0-1"]
[WhiteElo "136"]
[BlackElo "147"]
[PlyCount "50"]
[EventDate "2015.??.??"]
[WhiteTeam "Lancashire"]
[BlackTeam "Essex"]

1. Nf3 Nf6 2. g3 g6 3. Bg2 Bg7 4. O-O O-O 5. d4 d5 6. c4 c6 7. Nc3 Nbd7 8. b4
Nb6 9. Ne5 Ng4 10. Nxg4 Bxg4 11. cxd5 cxd5 12. Be3 Qd7 13. Re1 Bh3 14. Bh1 e6
15. f3 Rac8 16. Rc1 Qe7 17. b5 Qb4 18. Qd2 Nc4 19. Nxd5 Qd6 20. Rxc4 Rxc4 21.
Nf4 Bf5 22. g4 Bc2 23. d5 Be5 24. Nh5 gxh5 25. Bh6 Bf4 0-1

[Event "2015 County Championship Final - U160"]
[Site "Leamington Spa"]
[Date "2015.07.04"]
[Round "1.15"]
[White "Murray, Stephen A"]
[Black "Ashley, Mark S"]
[Result "1-0"]
[WhiteElo "144"]
[BlackElo "129"]
[PlyCount "71"]
[EventDate "2015.??.??"]
[WhiteTeam "Lancashire"]
[BlackTeam "Essex"]

1. d4 d5 2. c4 e6 3. Nc3 c5 4. cxd5 exd5 5. Nf3 Nc6 6. g3 Be7 7. Bg2 Nf6 8. O-O
O-O 9. Bg5 cxd4 10. Nxd4 Re8 11. Qd2 Ne4 12. Nxe4 dxe4 13. Nxc6 Bxg5 14. Qxd8
Bxd8 15. Nxd8 Rxd8 16. Bxe4 g6 17. Rfd1 Re8 18. Bf3 Rb8 19. Rac1 Be6 20. a3
Red8 21. e3 b6 22. Kg2 Rbc8 23. Rxc8 Rxc8 24. Rd2 Kf8 25. h3 Ke7 26. g4 Rc5 27.
Be4 h5 28. Kg3 hxg4 29. hxg4 Rg5 30. Bf3 Rc5 31. Bd1 Rd5 32. Rxd5 Bxd5 33. f4
Kf6 34. g5+ Kf5 35. Bf3 Be6 36. e4# 1-0

[Event "2015 County Championship Final - U160"]
[Site "Leamington Spa"]
[Date "2015.07.04"]
[Round "1.16"]
[White "Haddock, Paul"]
[Black "Innes, David Malcolm"]
[Result "1/2-1/2"]
[WhiteElo "128"]
[BlackElo "131"]
[PlyCount "99"]
[EventDate "2015.??.??"]
[WhiteTeam "Essex"]
[BlackTeam "Lancashire"]

1. e4 e5 2. Nf3 f5 3. Nxe5 Qf6 4. d4 d6 5. Nf3 fxe4 6. Qe2 d5 7. Ne5 Nd7 8.
Qh5+ g6 9. Qg5 Qxg5 10. Bxg5 Nxe5 11. dxe5 Bg7 12. Bf4 Ne7 13. Nd2 h6 14. h3 g5
15. Bh2 Ng6 16. c4 c6 17. cxd5 cxd5 18. Bb5+ Bd7 19. Bxd7+ Kxd7 20. O-O-O Bxe5
21. Bxe5 Nxe5 22. Nxe4 Ke6 23. Nc5+ Kd6 24. Nxb7+ Kc6 25. Na5+ Kd6 26. Rd2
Rac8+ 27. Kb1 Nc4 28. Nxc4+ Rxc4 29. Rhd1 Rc5 30. b4 Rb5 31. Rd4 a5 32. a3 Re8
33. Kc2 Re2+ 34. R1d2 Rxd2+ 35. Kxd2 axb4 36. Rxb4 Ra5 37. Rb6+ Kc5 38. Rxh6
Kd4 39. Rg6 Rxa3 40. Rxg5 Ra2+ 41. Ke1 Ra1+ 42. Ke2 Ra2+ 43. Kf3 Kc4 44. Rg8 d4
45. Rc8+ Kd5 46. h4 d3 47. Rd8+ Kc4 48. Ke3 Re2+ 49. Kf3 Ra2 50. Ke3 1/2-1/2

[Event "2015 County Championship Final - U140"]
[Site "Leamington Spa"]
[Date "2015.07.04"]
[Round "1.1"]
[White "Heard, Andrew H"]
[Black "Huthwaite, John R"]
[Result "1-0"]
[WhiteElo "138"]
[BlackElo "146"]
[PlyCount "55"]
[EventDate "2015.??.??"]
[WhiteTeam "Kent"]
[BlackTeam "Nottinghamshire"]

1. d4 d5 2. c4 c6 3. Nf3 Nf6 4. Bf4 e6 5. e3 Bb4+ 6. Nbd2 O-O 7. a3 Bxd2+ 8.
Nxd2 b6 9. Bd3 h6 10. g4 Nh7 11. h4 f6 12. Qc2 f5 13. O-O-O Kh8 14. Nf3 dxc4
15. Bxc4 Qe8 16. Bd6 Rf7 17. Ne5 a5 18. Nxf7+ Qxf7 19. gxf5 b5 20. Bxb5 Qd7 21.
Bxb8 cxb5 22. fxe6 Qxe6 23. Be5 Nf6 24. Bxf6 Qxf6 25. Qe4 Rb8 26. Qe5 Qb6 27.
Rhg1 Qb7 28. Rg6 1-0

[Event "2015 County Championship Final - U140"]
[Site "Leamington Spa"]
[Date "2015.07.04"]
[Round "1.2"]
[White "Willoughby, Robert H"]
[Black "Eversen, James P"]
[Result "1/2-1/2"]
[WhiteElo "139"]
[BlackElo "139"]
[PlyCount "72"]
[EventDate "2015.??.??"]
[WhiteTeam "Nottinghamshire"]
[BlackTeam "Kent"]

1. d4 e6 2. Nf3 f5 3. c4 Nf6 4. Nc3 Bb4 5. Qc2 O-O 6. g3 d6 7. Bg2 Nbd7 8. O-O
Bxc3 9. Qxc3 Ne4 10. Qc2 Qe8 11. Nd2 Nxd2 12. Bxd2 Nf6 13. Rfe1 Rb8 14. a4 Qh5
15. a5 Bd7 16. b4 e5 17. dxe5 Ng4 18. h3 Nxe5 19. b5 a6 20. Rab1 Be6 21. c5
axb5 22. cxd6 cxd6 23. Qc7 Qf7 24. Qxf7+ Rxf7 25. Rxb5 Bc4 26. Rb6 Rd7 27. Reb1
Ra8 28. Rxb7 Rxb7 29. Rxb7 Re8 30. Rb6 Bxe2 31. Rxd6 Nf3+ 32. Bxf3 Bxf3 33. a6
Rb8 34. Kf1 Rb1+ 35. Be1 Ra1 36. Rb6 Ra2 1/2-1/2

[Event "2015 County Championship Final - U140"]
[Site "Leamington Spa"]
[Date "2015.07.04"]
[Round "1.3"]
[White "Davis, Derek J"]
[Black "Ince, Darran"]
[Result "1/2-1/2"]
[WhiteElo "139"]
[BlackElo "139"]
[PlyCount "55"]
[EventDate "2015.??.??"]
[WhiteTeam "Kent"]
[BlackTeam "Nottinghamshire"]

1. e4 e6 2. d4 d5 3. e5 c5 4. c3 Nc6 5. Nf3 Qb6 6. Be2 Bd7 7. O-O a6 8. a3 Be7
9. b4 cxd4 10. cxd4 Rc8 11. Be3 Qd8 12. Nbd2 Na7 13. Rc1 Bb5 14. Nb3 Ba4 15.
Rxc8 Qxc8 16. Qb1 Bxb3 17. Qxb3 Qd7 18. Rc1 Bd8 19. Ne1 Ne7 20. Bd3 O-O 21. Nf3
Ng6 22. h3 Be7 23. Kh1 Rc8 24. Be2 Rxc1+ 25. Bxc1 Qc6 26. Bd2 Nc8 27. a4 Qc7
28. Bd3 1/2-1/2

[Event "2015 County Championship Final - U140"]
[Site "Leamington Spa"]
[Date "2015.07.04"]
[Round "1.4"]
[White "Brace, Peter"]
[Black "Thompson, Robert G"]
[Result "0-1"]
[WhiteElo "137"]
[BlackElo "137"]
[PlyCount "120"]
[EventDate "2015.??.??"]
[WhiteTeam "Nottinghamshire"]
[BlackTeam "Kent"]

1. Nf3 d6 2. g3 Nf6 3. Bg2 e5 4. d3 Be7 5. O-O O-O 6. e4 Bg4 7. Nc3 Nc6 8. h3
Bh5 9. Ne2 h6 10. Nh2 Bxe2 11. Qxe2 Nd4 12. Qd1 Nh7 13. f4 c5 14. Nf3 Nxf3+ 15.
Qxf3 exf4 16. Bxf4 Bg5 17. e5 Bxf4 18. Qxf4 dxe5 19. Qxe5 Qb6 20. Kh2 Nf6 21.
Rf5 Rfe8 22. Qc3 Rac8 23. Raf1 Rc7 24. Rxf6 gxf6 25. Rxf6 Re6 26. Rf4 Rce7 27.
Be4 Re5 28. h4 Qe6 29. Qb3 c4 30. Qc3 b5 31. Bf3 h5 32. Qa5 Qd6 33. Qc3 Rd7 34.
Bxh5 Rxh5 35. Rg4+ Kf8 36. Qg7+ Ke7 37. Re4+ Kd8 38. Qg8+ Kc7 39. Qa8 Qb6 40.
Re8 Qb7 41. dxc4 bxc4 42. Kh3 Qxa8 43. Rxa8 Kc6 44. Kg4 Rh7 45. b3 cxb3 46.
axb3 Kb6 47. Re8 Rg7+ 48. Kf3 Rd4 49. Re3 Kc6 50. c3 Rd1 51. b4 Kb5 52. Re5+
Kc4 53. Rc5+ Kb3 54. Rc7 Rd3+ 55. Kf4 Rdxg3 56. Rxa7 Kxc3 57. b5 R3g4+ 58. Kf5
Rxh4 59. b6 Rb4 60. b7 Rg1 0-1

[Event "2015 County Championship Final - U140"]
[Site "Leamington Spa"]
[Date "2015.07.04"]
[Round "1.5"]
[White "Gilbert, David J"]
[Black "Kenyon, Alan J"]
[Result "1-0"]
[WhiteElo "133"]
[BlackElo "138"]
[PlyCount "65"]
[EventDate "2015.??.??"]
[WhiteTeam "Kent"]
[BlackTeam "Nottinghamshire"]

1. c4 e5 2. g3 d6 3. Bg2 Nc6 4. Nc3 Nf6 5. d3 Be7 6. Nf3 a6 7. O-O O-O 8. a3
Bd7 9. b4 Na7 10. Rb1 c6 11. c5 Qc7 12. cxd6 Bxd6 13. Bg5 Nd5 14. Qc2 Nxc3 15.
Qxc3 Rae8 16. Rbc1 Nb5 17. Qb2 Qc8 18. a4 Nc7 19. Nd2 f6 20. Be3 Be6 21. Ne4
Be7 22. Bc5 Nd5 23. Bxe7 Rxe7 24. b5 axb5 25. axb5 Qd7 26. Nc5 Qd6 27. b6 f5
28. e4 fxe4 29. dxe4 Nf6 30. Qc3 Qb8 31. Nxe6 Rxe6 32. Qc4 Kh8 33. Qxe6 1-0

[Event "2015 County Championship Final - U140"]
[Site "Leamington Spa"]
[Date "2015.07.04"]
[Round "1.6"]
[White "Walters, J Keith"]
[Black "Fowler, David J"]
[Result "1/2-1/2"]
[WhiteElo "138"]
[BlackElo "135"]
[PlyCount "34"]
[EventDate "2015.??.??"]
[WhiteTeam "Nottinghamshire"]
[BlackTeam "Kent"]

1. e4 e6 2. d4 d5 3. exd5 exd5 4. Nf3 Bd6 5. Nc3 c6 6. g3 Nf6 7. Qe2+ Qe7 8.
Qxe7+ Kxe7 9. Bg2 Re8 10. Be3 Kf8 11. O-O-O Bf5 12. Rde1 Nbd7 13. Nh4 Be6 14.
f4 Nb6 15. Rhf1 Bd7 16. Bg1 Rxe1+ 17. Rxe1 Re8 1/2-1/2

[Event "2015 County Championship Final - U140"]
[Site "Leamington Spa"]
[Date "2015.07.04"]
[Round "1.7"]
[White "Orr, David"]
[Black "Gorecka-Marshall, Peter W"]
[Result "1/2-1/2"]
[WhiteElo "134"]
[BlackElo "136"]
[PlyCount "45"]
[EventDate "2015.??.??"]
[WhiteTeam "Kent"]
[BlackTeam "Nottinghamshire"]

1. d4 Nf6 2. Bf4 g6 3. Nf3 Bg7 4. h3 O-O 5. e3 d6 6. c3 Nbd7 7. Bc4 c5 8. Qb3
h6 9. Bd3 d5 10. Qc2 Qe8 11. O-O c4 12. Be2 Ne4 13. Bxc4 dxc4 14. Qxe4 Nf6 15.
Qc2 Bf5 16. Qd1 Qc8 17. Nbd2 Bd3 18. Re1 g5 19. Bg3 Ne4 $11 20. Nxe4 Bxe4 21.
Nd2 Bd3 22. Nf3 Be4 23. Nd2 1/2-1/2

[Event "2015 County Championship Final - U140"]
[Site "Leamington Spa"]
[Date "2015.07.04"]
[Round "1.8"]
[White "Thomson, James L"]
[Black "Martin, Joseph"]
[Result "1-0"]
[WhiteElo "135"]
[BlackElo "131"]
[PlyCount "93"]
[EventDate "2015.??.??"]
[WhiteTeam "Nottinghamshire"]
[BlackTeam "Kent"]

1. d4 f5 2. c4 Nf6 3. g3 e6 4. Nc3 c6 5. Bg2 d5 6. b3 Bd6 7. Nf3 O-O 8. O-O
Nbd7 9. a4 a5 10. Ba3 Bxa3 11. Rxa3 Qe7 12. Ra1 Ne4 13. Qe1 Qb4 14. Nxe4 Qxe1
15. Rfxe1 fxe4 16. Ne5 Nxe5 17. dxe5 Rf5 18. f4 Rf7 19. e3 h5 20. h4 b6 21.
Rec1 c5 22. Rd1 Bb7 23. Bh3 Re8 24. Kf2 g6 25. Rd2 Rd7 26. Rad1 Kf7 27. Bg2
Red8 28. Bxe4 Bc6 29. cxd5 Bxd5 30. Bc2 Bc6 31. Rxd7+ Rxd7 32. Rd6 Rxd6 33.
exd6 b5 34. e4 e5 35. axb5 Bxb5 36. Bd1 Ke6 37. f5+ Kf6 38. fxg6 Kxg6 39. Be2
Bd7 40. Ke3 a4 41. bxa4 Bxa4 42. Kd2 Be8 43. Kc3 Kf6 44. Kc4 Bg6 45. Bf3 Ke6
46. Kxc5 Be8 47. g4 1-0

[Event "2015 County Championship Final - U140"]
[Site "Leamington Spa"]
[Date "2015.07.04"]
[Round "1.9"]
[White "Sherriff, Alan J"]
[Black "Cranmer, Stanley EE"]
[Result "1/2-1/2"]
[WhiteElo "136"]
[BlackElo "132"]
[PlyCount "134"]
[EventDate "2015.??.??"]
[WhiteTeam "Kent"]
[BlackTeam "Nottinghamshire"]

1. d4 Nf6 2. Bf4 d6 3. e3 g6 4. Nd2 Bg7 5. Ngf3 O-O 6. h3 b6 7. Be2 Re8 8. O-O
Ba6 9. Bxa6 Nxa6 10. Qe2 Qc8 11. c3 c5 12. Rad1 Qb7 13. Rfe1 Nc7 14. e4 cxd4
15. cxd4 Qa6 16. Qxa6 Nxa6 17. a3 Rac8 18. Rc1 Nb8 19. Be3 Nbd7 20. g4 h5 21.
g5 Nh7 22. h4 f6 23. b4 fxg5 24. hxg5 Nhf8 25. Nb3 Nb8 26. Rxc8 Rxc8 $11 27.
Rc1 Rxc1+ 28. Nxc1 Ne6 29. Nd3 Nd7 30. b5 Nc7 31. a4 a6 32. bxa6 Nxa6 33. Kg2
e6 34. Nd2 d5 35. f3 Nab8 36. Nf4 dxe4 37. Nxe6 exf3+ 38. Kxf3 Bh8 39. Ke4 Nc6
40. Nc4 Na5 41. Nxa5 bxa5 42. Bd2 Nb6 43. Nc5 Nc4 44. Be1 Bg7 45. Kd3 Nb2+ 46.
Kc3 Nd1+ 47. Kc4 Nb2+ 48. Kd5 Bf8 49. Bxa5 Be7 50. Bd2 Nxa4 51. Nxa4 h4 52. Bf4
h3 53. Nc3 h2 54. Bxh2 Bxg5 55. Ke6 Bd2 56. Ne4 Bb4 57. Bd6 Ba5 58. d5 Kg7 59.
Be5+ Kh6 60. d6 g5 61. Nf6 Kg6 62. d7 Bd8 63. Ne8 g4 64. Bc7 Bg5 65. Bd6 Bd8
66. Nc7 Kh5 67. Ne8 Kg6 1/2-1/2

[Event "2015 County Championship Final - U140"]
[Site "Leamington Spa"]
[Date "2015.07.04"]
[Round "1.10"]
[White "Woodhouse, David JF"]
[Black "Mourant, Malcolm P"]
[Result "1-0"]
[WhiteElo "131"]
[BlackElo "128"]
[PlyCount "101"]
[EventDate "2015.??.??"]
[WhiteTeam "Nottinghamshire"]
[BlackTeam "Kent"]

1. e4 c5 2. Nf3 Nc6 3. g3 e6 4. d3 h6 5. Bg2 d5 6. O-O d4 7. c4 e5 8. Nbd2 Bd6
9. Re1 Nf6 10. Nf1 O-O 11. Nh4 Re8 12. h3 Rb8 13. a4 Bd7 14. Nf5 Bxf5 15. exf5
Nb4 16. g4 Nh7 17. Ng3 b6 18. Ne4 Bc7 19. b3 Qd7 20. Kh2 f6 21. h4 Rbd8 22. Rg1
Kh8 23. Qe2 Qf7 24. Bd2 Nc6 25. Bf3 Qe7 26. Rg3 Rg8 27. g5 g6 28. fxg6 Rxg6 29.
gxf6 Rxf6 30. Nxf6 Qxf6 31. Rag1 e4 32. Qxe4 Bxg3+ 33. fxg3 Ne5 34. Rf1 Nxf3+
35. Rxf3 Qg7 36. Qe6 Rf8 37. Bxh6 Qxh6 38. Qxh6 Rxf3 39. Qd2 Nf6 40. Kg2 Re3
41. b4 Nh5 42. bxc5 bxc5 43. Qf2 Kg7 44. g4 Nf6 45. Qf5 Re2+ 46. Kf3 Re1 47.
Qxc5 Re3+ 48. Kf4 Rxd3 49. Qxa7+ Kf8 50. g5 Nh5+ 51. Ke4 1-0

[Event "2015 County Championship Final - U140"]
[Site "Leamington Spa"]
[Date "2015.07.04"]
[Round "1.11"]
[White "White, Graham C"]
[Black "Nailard, Michael J"]
[Result "1/2-1/2"]
[WhiteElo "127"]
[BlackElo "130"]
[PlyCount "53"]
[EventDate "2015.??.??"]
[WhiteTeam "Kent"]
[BlackTeam "Nottinghamshire"]

1. e4 c5 2. Nf3 Nc6 3. d4 cxd4 4. Nxd4 Nf6 5. Nc3 a6 6. Be3 e6 7. a3 Be7 8. Be2
O-O 9. O-O d5 10. exd5 Nxd5 11. Nxd5 exd5 12. Nxc6 bxc6 13. c4 Be6 14. cxd5
Bxd5 15. Bf3 Bf6 16. Bxd5 Qxd5 17. Qxd5 cxd5 18. Rab1 d4 19. Bd2 Rfe8 20. Rfe1
d3 21. Kf1 Rac8 22. Rxe8+ Rxe8 23. Be3 Rc8 24. Rc1 Rxc1+ 25. Bxc1 d2 26. Bxd2
Bxb2 27. Bb4 1/2-1/2

[Event "2015 County Championship Final - U140"]
[Site "Leamington Spa"]
[Date "2015.07.04"]
[Round "1.12"]
[White "Lavelle, Terry WT"]
[Black "Arnold, Paul M"]
[Result "1-0"]
[WhiteElo "129"]
[BlackElo "123"]
[PlyCount "87"]
[EventDate "2015.??.??"]
[WhiteTeam "Nottinghamshire"]
[BlackTeam "Kent"]

1. e4 c5 2. Nc3 d6 3. g3 Nf6 4. Bg2 e5 5. d3 Nc6 6. Nge2 Be7 7. O-O Bg4 8. h3
Be6 9. f4 Bd7 10. Be3 Qc8 11. Kh2 h5 12. f5 Qc7 13. Nd5 Nxd5 14. exd5 Nd4 15.
Nxd4 exd4 16. Bd2 O-O-O 17. c4 Bf6 18. Be4 Be5 19. Bf4 Rdg8 20. Bxe5 dxe5 21.
a4 g6 22. fxg6 fxg6 23. Rf7 Qd6 24. Qb3 Rf8 25. Raf1 Rxf7 26. Rxf7 Rf8 27.
Rxf8+ Qxf8 28. Qc2 g5 29. b3 $11 h4 30. Qg2 hxg3+ 31. Qxg3 Qh6 32. Kg2 Qf6 33.
Bf3 b6 34. Bg4 Bxg4 $11 35. Qxg4+ Kc7 36. Qf3 Qg6 37. Kg3 Qg7 38. Qf5 Kd6 39.
Kf3 Qh6 40. Kg2 Qg7 41. Qe6+ Kc7 42. Kg3 Kd8 43. Qd6+ Qd7 44. Qxe5 1-0

[Event "2015 County Championship Final - U140"]
[Site "Leamington Spa"]
[Date "2015.07.04"]
[Round "1.13"]
[White "Neil, Graham"]
[Black "Tassell, Hugh G"]
[Result "1/2-1/2"]
[WhiteElo "123"]
[BlackElo "125"]
[PlyCount "86"]
[EventDate "2015.??.??"]
[WhiteTeam "Kent"]
[BlackTeam "Nottinghamshire"]

1. Nf3 d5 2. d4 Nc6 3. Bf4 Bf5 4. c3 e6 5. e3 a6 6. Be2 Nf6 7. O-O h6 8. Ne5
Nxe5 9. Bxe5 Nd7 10. Bg3 Be7 11. Nd2 O-O 12. f3 Bg6 13. e4 Nf6 14. e5 Nd7 15.
b4 a5 16. a3 b6 17. b5 Rc8 18. a4 c6 19. bxc6 Rxc6 20. Qb3 Qc8 21. Bb5 Rc7 22.
Rac1 Qb7 23. c4 Bb4 24. Bf4 Rfc8 25. Bxd7 Rxd7 26. cxd5 Bxd2 27. Bxd2 Rxc1 28.
Rxc1 Rxd5 29. Be3 Kh7 30. Qc4 b5 31. axb5 Qxb5 32. Qxb5 Rxb5 33. Rc5 Rb1+ 34.
Rc1 Rxc1+ 35. Bxc1 Bc2 36. Kf2 a4 37. Ba3 Bb3 38. g4 Kg6 39. h4 h5 40. Kg3 Bd5
41. Kf4 Kh6 42. Bf8 Kg6 43. Bc5 Kh6 1/2-1/2